000 00996nam a2200241 a 4500
001 000044565
005 20201002045451.0
008 140716s1978 sp a 000 0 spa d
020 _a8403230192
040 _aDO-SdBNP
_bspa
_cBNPHU
100 1 _aAnastasi, Anne,
_d1908-2001.
_972588
245 1 0 _aTests psicológicos /
_cAnne Anastasi ; versión española de la 2a ed. orig. por Celedonio Riesco Hernández ; revisión técnica de Alfonso Alvarez Villar ; adaptación a la 3a ed. original por Alvaro de Noriega y de Zulueta.
250 _a3a ed.
260 _aMadrid :
_bAguilar,
_c1978.
300 _axii, 680 p. :
_bil. ;
_c24 cm.
490 1 _aPsicología y educación
500 _aBibliografía : p. 605-636
500 _aIncluye referencias bibliográficas y notas al pie de las páginas
700 1 2 _aRiesco Hernández, Celedonio
_972589
700 1 2 _aAlvarez Villar, Alfonso
_946753
700 1 2 _aNoriega y de Zulueta, Alvaro de
_972590
830 0 _aPsicología y educación
_963580
999 _c44054
_d44054